Statistiques concernant Prénoms de stars célèbres - Série 21

Cliquez ici pour prendre le quiz!

Statistiques générales

  • Ce quiz a été pris 197 fois
  • Le résultat moyen est 6 sur 10

Statistiques - réponses

NomPrénom% Correct
BessonLuc
96%
PolanskiRoman
88%
LelouchClaude
83%
GodardJean-Luc
66%
BlierBertrand
64%
AnnaudJean-Jacques
59%
LecontePatrice
53%
KlapischCédric
46%
AudiardJacques
39%
DesplechinArnaud
28%

Distribution des résultats

Percentile par nombre de réponses

% des personnes avec chaque résultat

Votre développement - résultats

Vous n’avez pas pris ce quiz